[Event "Open Semana Santa 2023"]
[Site "?"]
[Date "2023.04.09"]
[Round "8.155"]
[White "Menendez Osorio, Carmen"]
[Black "Rodriguez Garcia, Miguel"]
[Result "0-1"]
[WhiteElo "1581"]
[BlackElo "1857"]
[PlyCount "154"]

1. d4 d5 2. c4 e6 3. Nf3 c6 4. Qc2 Nf6 5. g3 Bd6 6. Bg2 Nbd7 7. O-O O-O 8. Nbd2
e5 9. dxe5 Nxe5 10. Nxe5 Bxe5 11. cxd5 Nxd5 12. Nc4 Qe7 13. Rd1 Bf6 14. a3 Bg4
15. Ne3 Nxe3 16. Bxe3 Rfd8 17. Rab1 Qe5 18. Rxd8+ Rxd8 19. Be4 Bxe2 20. Bxh7+
Kh8 21. Qxe2 Kxh7 22. Qc2+ g6 23. Bxa7 Kg7 24. Be3 Qh5 25. b4 Rh8 26. f4 Re8
27. Qf2 Qd5 28. Bc5 Qd3 29. Re1 Rxe1+ 30. Qxe1 Qxa3 31. Qe8 Qc1+ 32. Kg2 Qc2+
33. Kh3 Qc4 34. Qb8 Be7 35. Qe5+ Bf6 36. Qb8 b5 37. Qa8 Be7 38. Qxc6 Qf1+ 39.
Qg2 Qxg2+ 40. Kxg2 Bxc5 41. bxc5 b4 42. c6 b3 43. c7 b2 44. c8=Q b1=Q 45. Qc3+
Kg8 46. Qe5 Qb7+ 47. Kh3 Qf3 48. Qb8+ Kg7 49. Qe5+ Kg8 50. Qf6 Qf1+ 51. Kh4 Qf3
52. Qd8+ Kg7 53. Qd4+ Kg8 54. Kh3 Qf1+ 55. Kg4 Qe2+ 56. Kh3 Qf1+ 57. Kh4 Qf3
58. Qd8+ Kg7 59. Qg5 Qf1 60. f5 Qc4+ 61. Qf4 Qe2 62. f6+ Kh7 63. Qg4 Qxh2+ 64.
Qh3 Qxh3+ 65. Kxh3 g5 66. Kg4 Kg6 67. Kf3 Kxf6 68. Ke4 Ke6 69. Kf3 f5 70. Kf2
Ke5 71. Kf3 Kd4 72. Kf2 Ke4 73. Ke2 g4 74. Kf2 Kd3 75. Kf1 Ke3 76. Kg2 Ke2 77.
Kh1 Kf3 0-1

[Event "Open Semana Santa 2023"]
[Site "?"]
[Date "2023.04.09"]
[Round "8.156"]
[White "Pousada Estevez, Daniel"]
[Black "Padilla Lozano, Francisco Manuel"]
[Result "1/2-1/2"]
[WhiteElo "1580"]
[BlackElo "1855"]
[Annotator "Usuario"]
[PlyCount "140"]
[EventDate "2023.??.??"]

1. d4 Nf6 2. Bf4 g6 3. e3 d6 4. Be2 Bg7 5. Nf3 O-O 6. O-O Re8 7. c4 Nbd7 8. Nc3
Nh5 9. Bg5 h6 10. Bh4 g5 11. Ne1 Nhf6 12. Bg3 e5 13. dxe5 Nxe5 14. Qc2 Qe7 15.
Rd1 Nc6 16. a3 Bg4 17. Bxg4 Nxg4 18. Nd5 Qd7 19. c5 Kh8 20. cxd6 cxd6 21. Nc3
Re6 22. Nd3 Qc8 23. Rc1 a6 24. Nd5 Qd8 25. Rfd1 Rc8 26. Qe2 Nf6 27. Nxf6 Qxf6
28. b4 Rce8 29. Qd2 Qe7 30. a4 Re4 31. b5 Ne5 32. Nxe5 Bxe5 33. Bxe5+ dxe5 34.
Qc2 Qb4 35. bxa6 bxa6 36. Qc6 Re6 37. Qc8+ Kg7 38. Rd8 Rh4 39. Rg8+ Kf6 40. g3
Rh5 41. Qd8+ Kf5 42. Qd3+ Kf6 43. Qe2 g4 44. Rxg4 Qb7 45. e4 Qb3 46. Rd1 Rc6
47. Rd3 Qb1+ 48. Kg2 Rc1 49. Qf3+ Ke6 50. Qe3 Rh1 51. Rh4 Rxh4 52. gxh4 Qf1+
53. Kg3 Rg1+ 54. Kf3 Qh3+ 55. Ke2 Qxe3+ 56. Kxe3 Re1+ 57. Kf3 Rc1 58. Rb3 Rc6
59. a5 Kd6 60. Kg4 Ke6 61. Kh5 f5 62. exf5+ Kxf5 63. Rb6 Rc2 64. Rxh6 Rxf2 65.
Rxa6 e4 66. Ra8 e3 67. Rf8+ Ke4 68. Re8+ Kd3 69. Kg4 e2 70. Rd8+ Kc2 1/2-1/2

[Event "Open Semana Santa 2023"]
[Site "?"]
[Date "2023.04.09"]
[Round "8.157"]
[White "Jimenez Carrazoni, Javier"]
[Black "Rossello Sanchez, Bartolome"]
[Result "1/2-1/2"]
[WhiteElo "1848"]
[BlackElo "1629"]
[Annotator "Usuario"]
[PlyCount "129"]

1. e4 c5 2. Nf3 Nc6 3. d4 cxd4 4. Nxd4 Nf6 5. Nc3 e5 6. Ndb5 d6 7. Bg5 a6 8.
Na3 b5 9. Nd5 Be7 10. Bxf6 Bxf6 11. c3 Bg5 12. Nc2 Rb8 13. a4 bxa4 14. Ncb4
Nxb4 15. cxb4 O-O 16. Rxa4 a5 17. Bc4 axb4 18. O-O Bd7 19. Rxb4 Rxb4 20. Nxb4
Qb6 21. Qe1 Rb8 22. Nd3 Bb5 23. Bxb5 Qxb5 24. Qc3 h5 25. Rd1 Qb7 26. Qc4 Ra8
27. g3 Rc8 28. Qb4 Qxb4 29. Nxb4 Rc4 30. Nd5 Rxe4 31. b4 Rc4 32. b5 Rc5 33. b6
Rb5 34. Ra1 Kh7 35. Ra8 Rxd5 36. b7 Rb5 37. b8=Q Rxb8 38. Rxb8 Kg6 39. Rb7 Kf6
40. Kf1 Bc1 41. Ke2 Ba3 42. Kd3 Bc5 43. f3 Bg1 44. h3 Bh2 45. g4 $11 hxg4 46.
hxg4 Bf4 47. Rb5 Ke6 48. Ra5 f5 49. gxf5+ Kxf5 50. Rd5 Ke6 51. Ke4 g6 52. Rb5
$11 Bc1 53. Ra5 Bb2 54. f4 exf4 55. Kxf4 Bc1+ 56. Ke4 g5 57. Rb5 Bf4 58. Ra5
Be5 59. Kf3 Kf5 60. Ra4 d5 61. Ra8 g4+ 62. Ke3 d4+ 63. Kd3 g3 64. Rg8 Kf4 65.
Rf8+ 1/2-1/2

[Event "Open Semana Santa 2023"]
[Site "?"]
[Date "2023.04.09"]
[Round "8.158"]
[White "Manzanares Lopez, Alejandro"]
[Black "Prochaieva, Tina"]
[Result "1-0"]
[WhiteElo "1845"]
[BlackElo "1627"]
[PlyCount "81"]

1. e4 c5 2. Nf3 e6 3. d4 cxd4 4. Nxd4 a6 5. Nc3 Qc7 6. Nb3 Nf6 7. f4 d6 8. Bd3
Nbd7 9. Qe2 e5 10. O-O exf4 11. Bxf4 Be7 12. Rae1 Ne5 13. Kh1 O-O 14. Bg5 Bg4
15. Qf2 Be6 16. Nd4 Qc5 17. Nf5 Bxf5 18. Qxf5 b5 19. Bxf6 Bxf6 20. Nd5 Bd8 21.
b4 Qc8 22. Re3 Qe6 23. Rh3 h6 24. a3 Ra7 25. Rg3 Bh4 26. Re3 Bg5 27. Re2 Qxf5
28. exf5 Nxd3 29. cxd3 a5 30. g3 Bd8 31. Nc3 Rb7 32. Re4 a4 33. Nd5 Bb6 34. f6
g5 35. Rc1 Rd8 36. Rc6 Ba7 37. Kg2 Rbb8 38. Kf3 Rd7 39. Re7 Rbb7 40. Re8+ Kh7
41. Rcc8 1-0

[Event "Open Semana Santa 2023"]
[Site "?"]
[Date "2023.04.09"]
[Round "8.159"]
[White "Mansor Habash, Zouheir"]
[Black "Urios Hernandez, Ramon"]
[Result "1/2-1/2"]
[WhiteElo "1570"]
[BlackElo "1844"]
[Annotator "Usuario"]
[PlyCount "38"]

1. e4 e5 2. Nf3 Nc6 3. Bc4 Nf6 4. Ng5 d5 5. exd5 Na5 6. Bb5+ c6 7. dxc6 bxc6 8.
Qf3 Be7 9. O-O Bd7 10. Bd3 O-O 11. Re1 h6 12. Rxe5 hxg5 13. Rxg5 Bg4 14. Qg3
Nh5 15. Qxg4 Bxg5 16. Qxh5 $11 g6 17. Bxg6 fxg6 18. Qxg6+ Kh8 19. h4 Bxh4
1/2-1/2

[Event "Open Semana Santa 2023"]
[Site "?"]
[Date "2023.04.09"]
[Round "8.160"]
[White "Stromhaug, Kristoffer Wang"]
[Black "Nechifor, David"]
[Result "1-0"]
[WhiteElo "1842"]
[BlackElo "1626"]
[PlyCount "103"]

1. e4 c5 2. Nf3 d6 3. d4 Nf6 4. Nc3 cxd4 5. Nxd4 e6 6. Bb5+ Bd7 7. O-O a6 8.
Be2 Nc6 9. Be3 Nxd4 10. Bxd4 Bc6 11. f3 Be7 12. Qd2 Qc7 13. a4 O-O 14. a5 Nd7
15. Rfd1 Rfd8 16. Na4 Bxa4 17. Rxa4 Rac8 18. Rc4 Qb8 19. Rxc8 Qxc8 20. c4 Nc5
21. Qc3 e5 22. Bf2 Ne6 23. b4 Nf4 24. Bf1 Qe6 25. b5 Rb8 26. c5 dxc5 27. bxa6
bxa6 28. Bxc5 Qb3 29. Rc1 Bg5 30. Bb6 Qe6 31. Rc2 h6 32. Bxa6 Kh7 33. Bf1 Rxb6
34. axb6 Qxb6+ 35. Kh1 Qb1 36. Rc1 Qb6 37. Rd1 Qf2 38. Qxe5 g6 39. Qc7 Kg7 40.
Qc3+ Kh7 41. Qe1 Qc5 42. g3 Ne6 43. f4 Bd8 44. Bg2 Bb6 45. Rd5 Qc4 46. Qf1 Qa4
47. f5 Ng5 48. fxg6+ fxg6 49. h4 Nxe4 50. Qf7+ Kh8 51. Qf8+ Kh7 52. Qe7+ 1-0

[Event "Open Semana Santa 2023"]
[Site "?"]
[Date "2023.10.10"]
[Round "8.161"]
[White "Roig Roig, Marc"]
[Black "Callealta, Andres"]
[Result "0-1"]
[WhiteElo "1840"]
[BlackElo "1601"]
[PlyCount "68"]

1. e4 c5 2. Nf3 Nc6 3. d4 cxd4 4. Nxd4 e5 5. Nb5 d6 6. N1c3 a6 7. Na3 Be6 8.
Nd5 Nf6 9. Bg5 Qa5+ 10. Bd2 Qd8 11. Bg5 Bxd5 12. Qxd5 Nxd5 13. Bxd8 Rxd8 14.
exd5 Ne7 15. O-O-O g6 16. h4 h5 17. Rh3 Bh6+ 18. Kb1 Nf5 19. Bd3 Ke7 20. Bxf5
gxf5 21. Rb3 Rd7 22. Rb6 Rg8 23. g3 f4 24. Rg1 fxg3 25. Rxg3 Rxg3 26. fxg3 f5
27. Nc4 e4 28. Ne5 dxe5 29. Rxh6 Rxd5 30. c4 Rd4 31. Rxh5 e3 32. Rxf5 Ke6 33.
Rf1 e2 34. Rc1 Rd1 0-1

[Event "Open Semana Santa 2023"]
[Site "?"]
[Date "2023.04.09"]
[Round "8.162"]
[White "Martino Girones, Gonzalo"]
[Black "Planelles Ortega, Emilio"]
[Result "1-0"]
[WhiteElo "1827"]
[BlackElo "1592"]
[PlyCount "115"]

1. d4 Nf6 2. Nf3 e6 3. e3 d5 4. Bd3 Be7 5. O-O b6 6. Qe2 O-O 7. Nbd2 c5 8. c3
Bb7 9. dxc5 Bxc5 10. e4 dxe4 11. Nxe4 Nxe4 12. Bxe4 Bxe4 13. Qxe4 Nd7 14. Bg5
Nf6 15. Qh4 Be7 16. Rad1 Qc7 17. Bf4 Qb7 18. Qh3 Rfd8 19. Be5 h6 20. Bd4 Rd5
21. Rd2 Rad8 22. Re1 Rh5 23. Qg3 Rdd5 24. Rde2 Rdf5 25. h4 Ne8 26. Re4 Bd6 27.
Qg4 e5 28. Bxe5 Bxe5 29. Rxe5 Rxe5 30. Nxe5 Nf6 31. Qd4 Qc7 32. Nf3 Rd5 33. Qe3
Qc4 34. b3 Qg4 35. c4 Rf5 36. Qd3 Qf4 37. Qd4 Qc7 38. Rd1 Qc6 39. Qd8+ Kh7 40.
Nd4 Qe4 41. Nxf5 Qxf5 42. Qd3 Kg6 43. Qxf5+ Kxf5 44. g3 a5 45. Rd6 Ne4 46. Rxb6
Nc3 47. Ra6 a4 48. Rxa4 Nxa4 49. bxa4 Ke5 50. a5 Kd6 51. Kg2 Kc5 52. Kf3 f5 53.
Kf4 g6 54. h5 gxh5 55. Kxf5 Kc6 56. Kg6 Kb7 57. c5 Ka6 58. c6 1-0

[Event "Open Semana Santa 2023"]
[Site "?"]
[Date "2023.04.09"]
[Round "8.163"]
[White "Lopez Herrero, Israel"]
[Black "Zoukou, Ylann"]
[Result "1-0"]
[WhiteElo "1814"]
[BlackElo "1555"]
[PlyCount "121"]

1. e4 e5 2. Nf3 Nf6 3. Nxe5 d6 4. Nf3 Nxe4 5. Nc3 Nxc3 6. dxc3 Be7 7. Be3 O-O
8. Qd2 Nd7 9. O-O-O c6 10. h4 d5 11. h5 h6 12. g4 Nf6 13. g5 Ne4 14. Qe1 Nxg5
15. Nxg5 Bxg5 16. f4 Bf6 17. Bd3 Bg4 18. Rd2 Qa5 19. Kb1 Rfe8 20. Qg3 Bxc3 21.
bxc3 Qxc3 22. Bd4 Qxd2 23. Bc3 Qxc3 24. Bh7+ Kxh7 25. Qxc3 Re4 26. Rg1 f5 27.
Qb2 c5 28. Ka1 b6 29. Qb3 Rd8 30. Qa3 Rd7 31. Qb2 Rde7 32. Qb3 d4 33. Qd3 Re3
34. Qa6 Bxh5 35. a4 Bg4 36. a5 Ra3+ 37. Kb2 Rxa5 38. Qd3 Re3 39. Qc4 Re4 40.
Qd3 Be2 41. Qg3 Rb5+ 42. Kc1 Bg4 43. Qd3 Rb4 44. Rxg4 fxg4 45. Qxe4+ Kh8 46.
Qa8+ Kh7 47. Qxa7 d3 48. f5 Rf4 49. Qf7 dxc2 50. Kxc2 b5 51. Kd3 g3 52. Ke3 Rf2
53. Qg6+ Kg8 54. Ke4 g2 55. Qg3 Re2+ 56. Kd5 c4 57. f6 g1=Q 58. Qxg1 g5 59. Qa7
Kf8 60. Qg7+ Ke8 61. f7+ 1-0

[Event "Open Semana Santa 2023"]
[Site "?"]
[Date "2023.04.09"]
[Round "8.164"]
[White "Gutierrez Lupion, Nuria"]
[Black "Lopez Martinez, Jaime"]
[Result "0-1"]
[WhiteElo "1551"]
[BlackElo "1808"]
[PlyCount "98"]

1. e4 e5 2. Nf3 Nf6 3. Nxe5 d6 4. Nf3 Nxe4 5. Nc3 Nxc3 6. dxc3 Be7 7. Bc4 Bg4
8. Qd5 O-O 9. Qxb7 Nd7 10. O-O Rb8 11. Qe4 Nf6 12. Qf4 d5 13. Bb3 Bd6 14. Qe3
Re8 15. Qd3 c5 16. c4 d4 17. Bg5 h6 18. Bh4 g5 19. Bg3 Nh5 20. c3 f5 21. cxd4
f4 22. Qg6+ Ng7 23. Rae1 Rxe1 24. Rxe1 fxg3 25. hxg3 Rb6 26. Qe4 Bxf3 27. Qxf3
Qf8 28. Qe4 Bc7 29. Qd5+ Kh8 30. dxc5 Rf6 31. Bc2 Ba5 32. Rd1 Qe7 33. c6 Bb6
34. Be4 Rxf2 35. Kh2 Qe8 36. Bf3 Qe6 37. c5 Bc7 38. Qd7 Qe5 39. Rd6 Bxd6 40.
cxd6 Rxf3 41. gxf3 Nf5 42. Qd8+ Kh7 43. Qd7+ Kg6 44. f4 Qe2+ 45. Kg1 Qe1+ 46.
Kg2 Qxg3+ 47. Kh1 Qe1+ 48. Kg2 Nh4+ 49. Kh3 Qh1+ 0-1

[Event "Open Semana Santa 2023"]
[Site "?"]
[Date "2023.04.09"]
[Round "8.165"]
[White "San Vicente Crespo, Pablo"]
[Black "Gomar Juan, Miguel"]
[Result "1-0"]
[WhiteElo "1547"]
[BlackElo "1807"]
[PlyCount "93"]

1. e4 e5 2. Nf3 Nc6 3. Bc4 Nf6 4. d3 Be7 5. O-O O-O 6. c3 d6 7. Nbd2 Na5 8. Bb5
a6 9. Ba4 b5 10. Bc2 c5 11. Re1 Nc6 12. Nf1 Qc7 13. Bg5 b4 14. Ne3 Be6 15. Nh4
Ne8 16. Bxe7 Nxe7 17. Bb3 Qd7 18. d4 Bxb3 19. axb3 bxc3 20. bxc3 cxd4 21. cxd4
Qc8 22. Nhf5 Nxf5 23. Nxf5 Qe6 24. Qd3 g6 25. d5 Qd7 26. Ne3 f5 27. f3 fxe4 28.
fxe4 Qa7 29. Rf1 Nf6 30. h3 Nh5 31. Rxf8+ Rxf8 32. Rxa6 Qc5 33. Ra1 Nf4 34. Qd2
Rb8 35. Rb1 Rb4 36. Kh2 Rxe4 37. Re1 Rd4 38. Qa2 Nxd5 39. Qa8+ Kg7 40. Qe8 Rf4
41. Nc4 Rf7 42. Qd8 Rf6 43. Qd7+ Kh6 44. Re4 Nf4 45. Ne3 Kg5 46. h4+ Kh6 47.
Ng4+ 1-0

[Event "Open Semana Santa 2023"]
[Site "?"]
[Date "2023.04.09"]
[Round "8.166"]
[White "Hernandez Gonzalez, Manuel"]
[Black "Ainsa Jimenez, Lucas"]
[Result "0-1"]
[WhiteElo "1800"]
[BlackElo "1533"]
[PlyCount "82"]

1. e4 e5 2. Nf3 Nc6 3. Bc4 Bc5 4. c3 d6 5. O-O Nf6 6. d3 a6 7. a4 Ba7 8. Re1 h6
9. Nbd2 Be6 10. Bxe6 fxe6 11. b4 O-O 12. h3 b5 13. Nf1 Ne7 14. g3 c5 15. bxc5
Bxc5 16. d4 exd4 17. cxd4 Bb4 18. Bd2 Nc6 19. Bxb4 Nxb4 20. Qb3 a5 21. N1d2 d5
22. e5 bxa4 23. Rxa4 Nd7 24. Rea1 Nc6 25. Qb5 Qb6 26. Rb1 Qxb5 27. Rxb5 Rab8
28. Rxb8 Rxb8 29. Ra3 Rb4 30. Nb3 a4 31. Nc5 Nxc5 32. dxc5 Rb3 33. Rxb3 axb3
34. Nd2 b2 35. f4 g5 36. Kf2 Kf7 37. Kf3 Nd4+ 38. Ke3 Nb3 39. c6 Nxd2 40. c7
Nc4+ 41. Ke2 Nb6 0-1

[Event "Open Semana Santa 2023"]
[Site "?"]
[Date "2023.04.09"]
[Round "8.167"]
[White "Ibanez Valentin, Gabriel"]
[Black "Jimenez Carrazoni, Marta Elena"]
[Result "0-1"]
[WhiteElo "1537"]
[BlackElo "1799"]
[PlyCount "104"]

1. e4 c6 2. Nf3 d5 3. Nc3 Bg4 4. h3 Bxf3 5. Qxf3 Nf6 6. d3 e6 7. Bd2 Qb6 8.
O-O-O Nbd7 9. g4 h6 10. Bg2 Bd6 11. Qe2 d4 12. Nb1 e5 13. Rdf1 Qc7 14. h4 Ng8
15. f4 f6 16. fxe5 Nxe5 17. g5 O-O-O 18. Qf2 Be7 19. gxf6 Nxf6 20. Qf5+ Kb8 21.
Bf4 Bd6 22. Nd2 Rhf8 23. Bxe5 Bxe5 24. Nc4 Rde8 25. Qg6 Bf4+ 26. Kb1 b5 27. Na5
Be5 28. Nb3 c5 29. Nd2 c4 30. Nf3 c3 31. Nxe5 Rxe5 32. Rf5 Rfe8 33. Rhf1 R8e7
34. Rxe5 Rxe5 35. Rf5 Rxf5 36. Qxf5 Qd7 37. Qf4+ Kc8 38. Qg3 Qe7 39. Qf4 Qb4
40. Qc1 Nd7 41. Bh3 Kd8 42. Bxd7 Kxd7 43. a3 Qxb2+ 44. Qxb2 cxb2 45. Kxb2 g5
46. hxg5 hxg5 47. Kc1 a5 48. Kd2 b4 49. axb4 a4 50. b5 a3 51. Kc1 g4 52. e5 g3
0-1

[Event "Open Semana Santa 2023"]
[Site "?"]
[Date "2023.04.09"]
[Round "8.169"]
[White "Hidalgo Mena, Manel"]
[Black "Soler Ollero, Guillermo"]
[Result "0-1"]
[WhiteElo "1362"]
[BlackElo "1770"]
[PlyCount "33"]

1. e4 Nf6 2. Nc3 d5 3. e5 Nfd7 4. e6 fxe6 5. d4 g6 6. Nf3 Bg7 7. Ng5 Nf6 8. Bd3
c5 9. dxc5 e5 10. Bb5+ Nc6 11. a3 O-O 12. O-O Nd4 13. Ba4 h6 14. Re1 Nh5 15.
Nxd5 e6 16. Qd3 exd5 17. Nf3 0-1

[Event "Open Semana Santa 2023"]
[Site "?"]
[Date "2023.04.09"]
[Round "8.170"]
[White "Tamiolakis, Grigorios"]
[Black "Diez Machin, Vicente"]
[Result "0-1"]
[WhiteElo "1272"]
[BlackElo "1761"]
[PlyCount "34"]

1. e4 c5 2. Nf3 e6 3. c3 Nf6 4. Bd3 d5 5. e5 Nfd7 6. Bc2 c4 7. d4 cxd3 8. Bxd3
Nc6 9. Bb5 Be7 10. Bxc6 bxc6 11. Bf4 Ba6 12. Nd4 Rc8 13. Nd2 O-O 14. N2f3 Qb6
15. Qd2 Nc5 16. Nb3 Nd3+ 17. Kd1 Nxf2+ 0-1

[Event "Open Semana Santa 2023"]
[Site "?"]
[Date "2023.04.09"]
[Round "8.172"]
[White "Diriavka, Emma"]
[Black "Demirkol, Kerim Calvelo"]
[Result "1-0"]
[WhiteElo "1216"]
[BlackElo "1897"]
[PlyCount "67"]

1. e4 d6 2. d4 Nf6 3. Nc3 Nbd7 4. Nf3 e5 5. d5 Be7 6. Be2 h6 7. O-O c6 8. dxc6
bxc6 9. h3 g5 10. Nh2 Nc5 11. Bf3 Ne6 12. Ng4 Nf4 13. Nxf6+ Bxf6 14. Ne2 Be6
15. Ng3 d5 16. exd5 cxd5 17. c4 e4 18. cxd5 exf3 19. dxe6 Qxd1 20. exf7+ Kxf7
21. Rxd1 fxg2 22. Bxf4 gxf4 23. Nh5 Be5 24. Rd5 Ke6 25. Rb5 a6 26. Ra5 Rhg8 27.
Re1 Rg5 28. Nxf4+ Kd6 29. Rd5+ Kc6 30. Rdxe5 Rg7 31. Re6+ Kd7 32. Rxh6 Rb8 33.
Rd1+ Kc8 34. Rh8+ 1-0

[Event "Open Semana Santa 2023"]
[Site "?"]
[Date "2023.04.09"]
[Round "8.173"]
[White "WFM Yastrebova, Tatiana"]
[Black "Serrano Requena, Guillem"]
[Result "1/2-1/2"]
[WhiteElo "1896"]
[BlackElo "1563"]
[PlyCount "99"]

1. d4 f5 2. Nc3 Nf6 3. Bg5 e6 4. e4 fxe4 5. Nxe4 Be7 6. Bxf6 Bxf6 7. c3 O-O 8.
Bd3 d5 9. Ng3 e5 10. dxe5 Bxe5 11. Qc2 g6 12. O-O-O c5 13. Nf3 Bg7 14. h4 c4
15. Bxc4 Be6 16. Bd3 Nc6 17. h5 Nb4 18. Qe2 Nxd3+ 19. Rxd3 Bf7 20. Qd2 Qa5 21.
a3 Rac8 22. hxg6 hxg6 23. Nd4 b5 24. Kb1 Qb6 25. Qg5 Rfe8 26. Nge2 Re5 27. Qg4
Rce8 28. f4 Re4 29. Qf3 a5 30. g4 b4 31. axb4 axb4 32. Kc2 bxc3 33. bxc3 Ra8
34. Rb1 Ra2+ 35. Kc1 Qa7 36. Re3 Qa3+ 37. Kd1 Ra1 38. Rxa1 Qxa1+ 39. Kd2 Qb2+
40. Ke1 Bxd4 41. cxd4 Qb1+ 42. Kf2 Be6 43. Rxe4 dxe4 44. Qg3 Bc4 45. Qe3 Qc2
46. Ke1 Bxe2 47. Qxe2 Qc1+ 48. Qd1 Qe3+ 49. Qe2 Qxd4 50. g5 1/2-1/2

[Event "Open Semana Santa 2023"]
[Site "?"]
[Date "2023.04.09"]
[Round "8.174"]
[White "Kiryttopoulos, Panagiotis Aris"]
[Black "Alonso Perez, Alfredo"]
[Result "1-0"]
[WhiteElo "1556"]
[BlackElo "1891"]
[PlyCount "41"]

1. d4 Nf6 2. Nf3 b6 3. e3 Bb7 4. Bd3 e6 5. O-O Be7 6. b3 O-O 7. Bb2 c5 8. Nbd2
d5 9. Ne5 Nbd7 10. f4 Ne4 11. Rf3 cxd4 12. exd4 Ndf6 13. Rh3 Rc8 14. Bxe4 dxe4
15. c4 Qc7 16. g4 Ne8 17. g5 g6 18. Qg4 Ng7 19. Nf1 Nf5 20. Ne3 Nxd4 21. Qh4
1-0

[Event "Open Semana Santa 2023"]
[Site "?"]
[Date "2023.04.09"]
[Round "8.176"]
[White "Valverde Lopez, Francisco Leopol"]
[Black "Martinez Manzanares, Alejandro"]
[Result "0-1"]
[WhiteElo "1525"]
[BlackElo "1839"]
[PlyCount "94"]

1. e4 c5 2. Nf3 d6 3. c3 g6 4. Bc4 Bg7 5. d4 cxd4 6. cxd4 Nf6 7. e5 dxe5 8.
Nxe5 O-O 9. Qb3 e6 10. Be3 Nbd7 11. O-O Nxe5 12. dxe5 Ng4 13. Bc5 Re8 14. Bb5
Bd7 15. Rd1 Nxe5 16. Bxd7 Nxd7 17. Qb5 a6 18. Qe2 Rc8 19. Bb4 Qc7 20. Nc3 Nf6
21. Rac1 Qf4 22. Bd6 Qg5 23. Rb1 Nd5 24. Ne4 Qd8 25. Bg3 Rc6 26. Qf3 Qe7 27. h4
Rc2 28. Bd6 Qxh4 29. g3 Qh3 30. Qxf7+ Kxf7 31. Ng5+ Kg8 32. Nxh3 Bxb2 33. Rd3
Nc3 34. Rxb2 Ne2+ 35. Kf1 Rxb2 36. Be5 Rxa2 37. Rd7 Ra5 38. Bb2 Rb5 39. Kxe2
Rxb2+ 40. Kf3 a5 41. Ng5 h6 42. Ne4 Rf8+ 43. Ke3 a4 44. Rd3 Rb3 45. Nc3 b5 46.
f4 a3 47. Kd2 b4 0-1

[Event "Open Semana Santa 2023"]
[Site "?"]
[Date "2023.04.09"]
[Round "8.177"]
[White "Olivares Romero, Sara"]
[Black "Gomez Pastrana, Alba"]
[Result "1/2-1/2"]
[WhiteElo "1743"]
[BlackElo "1504"]
[PlyCount "76"]

1. e4 c5 2. Nf3 e6 3. d3 Nf6 4. Nbd2 Nc6 5. g3 g6 6. Bg2 Bg7 7. O-O O-O 8. Re1
d6 9. c3 Rb8 10. Nb3 b5 11. e5 Nxe5 12. Nxe5 dxe5 13. Nxc5 Qc7 14. b4 Nd7 15.
Be3 Nxc5 16. Bxc5 Rd8 17. a4 Bb7 18. axb5 Bxg2 19. Kxg2 Qb7+ 20. Kg1 Qxb5 21.
c4 Qc6 22. Bxa7 Rxb4 23. Rb1 Qb7 24. Rxb4 Qxb4 25. Qb1 Qc3 26. Rc1 Qxd3 27.
Qxd3 Rxd3 28. Bb6 Rd6 29. Bc7 Rc6 30. Bb8 Rc8 31. Bd6 Rc6 32. c5 Bf8 33. Rd1 f6
34. Kg2 Kf7 35. Kf3 f5 36. Bxe5 Bxc5 37. Rc1 Ke7 38. Bb2 Kd7 1/2-1/2

[Event "Open Semana Santa 2023"]
[Site "?"]
[Date "2023.04.09"]
[Round "8.178"]
[White "Asensio Ramon, Ismael"]
[Black "Alvarez Poves, Jesus"]
[Result "0-1"]
[WhiteElo "1511"]
[BlackElo "1735"]
[PlyCount "48"]

1. d4 Nf6 2. c4 c5 3. e3 g6 4. Nc3 Bg7 5. Nf3 O-O 6. g3 cxd4 7. exd4 d5 8. b3
dxc4 9. bxc4 Nc6 10. Bg2 Ng4 11. Ne2 e5 12. d5 e4 13. Nfd4 Nxd4 14. Nxd4 Nxf2
15. Kxf2 Qf6+ 16. Ke3 Bh6+ 17. Kxe4 Bf5+ 18. Nxf5 Qxf5+ 19. Kd4 Bg7+ 20. Kc5 a5
21. Be3 Qc8+ 22. Kb5 Qd7+ 23. Kb6 Ra6+ 24. Kc5 Rc8# 0-1

[Event "Open Semana Santa 2023"]
[Site "?"]
[Date "2023.04.09"]
[Round "8.179"]
[White "Romero Garcia, Jose Luis"]
[Black "Bell, Luke"]
[Result "0-1"]
[WhiteElo "1733"]
[BlackElo "1490"]
[PlyCount "60"]

1. e4 c5 2. Nf3 d6 3. d4 cxd4 4. Nxd4 Nf6 5. Nc3 Nc6 6. Be3 e6 7. Be2 a6 8. Qd2
Bd7 9. f4 b5 10. Bf3 Rc8 11. O-O Be7 12. Rae1 O-O 13. g4 Nxd4 14. Bxd4 e5 15.
fxe5 dxe5 16. Bxe5 Nxg4 17. Bxg7 Kxg7 18. Qg2 Qb6+ 19. Kh1 Qg6 20. Nd5 Bd6 21.
b4 Ne5 22. Qd2 Kh8 23. Bg2 Ng4 24. Bh3 Nf2+ 25. Rxf2 Bxh3 26. Rf6 Bxb4 27. Qe2
Qg2+ 28. Qxg2 Bxg2+ 29. Kxg2 Bxe1 30. Rh6 Bc3 0-1

[Event "Open Semana Santa 2023"]
[Site "?"]
[Date "2023.04.09"]
[Round "8.180"]
[White "Ruiz De Leon Merlo, Esther"]
[Black "Marin Giner, Gustavo"]
[Result "0-1"]
[WhiteElo "1721"]
[BlackElo "1449"]
[PlyCount "100"]

1. e4 e5 2. Nf3 Nc6 3. Bb5 a6 4. Ba4 Nf6 5. O-O b5 6. Bb3 Be7 7. Re1 O-O 8. h3
d6 9. c3 Bb7 10. d3 Na5 11. Bc2 h6 12. Nbd2 Re8 13. Nf1 Bf8 14. Ng3 g6 15. Nh2
c5 16. f4 exf4 17. Bxf4 Qc7 18. Ng4 Nxg4 19. Qxg4 Kh7 20. Re2 Nc6 21. Rf2 Ne5
22. Qe2 Rad8 23. Raf1 Re7 24. d4 cxd4 25. cxd4 Nc6 26. Qd2 Bg7 27. Be3 Rf8 28.
a3 a5 29. h4 Qd8 30. h5 b4 31. Qd3 Qe8 32. Ne2 Nb8 33. Ng3 Ba6 34. hxg6+ fxg6
35. Rxf8 Bxf8 36. Qb3 Bxf1 37. Nxf1 bxa3 38. Qxa3 Qd8 39. Bd2 Nc6 40. Bc3 Rf7
41. d5 Nb4 42. Bxb4 Qb6+ 43. Bc5 dxc5 44. Qb3 Qf6 45. Qf3 Qd4+ 46. Qe3 Qxb2 47.
Qd3 Qd4+ 48. Qxd4 cxd4 49. Nd2 Bc5 50. Nf3 d3+ 0-1

[Event "Open Semana Santa 2023"]
[Site "?"]
[Date "2023.04.09"]
[Round "8.181"]
[White "Prochaieva, Yelyzaveta"]
[Black "Debbeler, Adrian"]
[Result "1-0"]
[WhiteElo "1468"]
[BlackElo "1709"]
[PlyCount "55"]

1. d4 d5 2. Nf3 c6 3. c4 e6 4. Nc3 dxc4 5. e3 b5 6. a4 Bb4 7. Bd2 a5 8. axb5
Bxc3 9. Bxc3 cxb5 10. b3 Bb7 11. bxc4 b4 12. Bb2 Nf6 13. Bd3 O-O 14. O-O Re8
15. Ne5 Nbd7 16. Nxd7 Qxd7 17. Re1 Be4 18. d5 Bxd3 19. Qxd3 exd5 20. Bxf6 gxf6
21. cxd5 a4 22. Qd4 Qd6 23. Rec1 Rec8 24. Rxc8+ Rxc8 25. Qg4+ Kh8 26. Qxc8+ Kg7
27. Rxa4 Qxd5 28. Qg4+ 1-0

[Event "Open Semana Santa 2023"]
[Site "?"]
[Date "2023.04.09"]
[Round "8.182"]
[White "Gallardo Munoz, Adrian"]
[Black "Casao Benedi, Luis"]
[Result "1-0"]
[WhiteElo "1703"]
[BlackElo "1440"]
[PlyCount "75"]

1. e4 e6 2. Nf3 d5 3. Nc3 c6 4. exd5 exd5 5. h3 Nf6 6. d4 h6 7. Bd3 Bd6 8. O-O
O-O 9. Nh4 Ne4 10. Nxe4 dxe4 11. Qh5 exd3 12. Bxh6 Qf6 13. Bg5 g6 14. Bxf6 gxh5
15. cxd3 Nd7 16. Bg5 Re8 17. Rfe1 Rxe1+ 18. Rxe1 Nf8 19. Re8 Kg7 20. Nf5+ Bxf5
21. Rxa8 Bxd3 22. Rxa7 Ne6 23. Be3 Ba6 24. Ra8 Bc7 25. Re8 Bd8 26. b3 c5 27.
dxc5 Bb5 28. Bd4+ Kh7 29. Rh8+ Kg6 30. Be3 Kg7 31. Rxh5 Ba5 32. g4 Bc3 33. Rd5
Bb4 34. f4 Bc6 35. Rh5 Be8 36. f5 Bxc5 37. Bxc5 Nxc5 38. f6+ 1-0

[Event "Open Semana Santa 2023"]
[Site "?"]
[Date "2023.04.09"]
[Round "8.183"]
[White "Pacios Elola, Daniel Antonio"]
[Black "Prieto Sanchez, Manuel"]
[Result "1-0"]
[WhiteElo "1700"]
[BlackElo "1430"]
[Annotator "Usuario"]
[PlyCount "97"]

1. e4 c5 2. Nf3 e6 3. d4 cxd4 4. Nxd4 Bc5 5. Nb3 Bb6 6. Bd3 Ne7 7. Nc3 O-O 8.
Bg5 f6 9. Bd2 Nbc6 10. Qe2 d5 11. exd5 exd5 12. O-O-O a5 13. a4 Ne5 14. Bb5 Bf5
15. Be3 Bxe3+ 16. Qxe3 Rc8 17. Rhe1 Qc7 18. Nd4 Bd7 19. Bxd7 Qxd7 20. f4 N5g6
21. Qe6+ Qxe6 22. Nxe6 Rfe8 23. g3 Rc6 24. Nd4 Rcc8 25. Ndb5 Red8 $11 26. Re2
Rc5 27. Red2 f5 28. Ne2 Nc6 29. Ned4 Nxd4 30. Nxd4 Rd6 31. Nxf5 Rdc6 32. c3 Rc4
33. Rd4 Rxd4 34. Rxd4 Rc5 35. Kd2 b5 36. b4 axb4 37. cxb4 Rc7 38. Rxd5 Nf8 39.
Rxb5 Ne6 40. a5 g6 41. Rb8+ Kf7 42. Nh6+ Kg7 43. Ng4 Nd4 44. a6 Rd7 45. Rb7
Rxb7 46. axb7 Nc6 47. b5 Nb8 48. Ne5 Kh6 49. Nc6 1-0